| 000 | 00635cam a2200181 a 4500 | ||
|---|---|---|---|
| 020 | _a9291150800 | ||
| 040 | _cDLC | ||
| 082 | _aCOP USE 1992 C077 Or. | ||
| 100 | 1 | _aChhetri, Ram B. | |
| 245 | 1 | 0 |
_aUser group forestry in the far-western region of Nepal : _bcase studies from Baitadi and Achham / |
| 260 |
_aKathmandu : _bInternational Centre for Integrated Mountain Development, _cc1992. |
||
| 300 |
_a101 p. : _bcol. ill., maps ; _c24 cm. |
||
| 650 | 0 | _aForests and forestry | |
| 650 | 0 | _aForests and forestry | |
| 700 | 1 | _aPandey, Tulsi R. | |
| 710 | 2 | _aInternational Centre for Integrated Mountain Development. | |
| 942 | _cAEDBB | ||
| 999 |
_c21341 _d21341 |
||